000 00351nam a2200145Ia 4500
008 230917s9999||||xx |||||||||||||| ||und||
040 _e209451
_aMAIN
041 _aEnglish
082 _a294.12 S84R
100 _aSatvalekar, Damodar
245 0 _aRigved subodh-bhasya
260 _aPardi
_bSwadhyay Mandal
_c1967
300 _a570 p.
942 _cBK
999 _c209346
_d209346